[Event "IND-chT"]
[Site "Gurgaon"]
[Date "2010.02.21"]
[Round "1"]
[White "Saxena, Mausam"]
[Black "Shetty, Rahul"]
[Result "0-1"]
[WhiteElo "1910"]
[BlackElo "2259"]
[PlyCount "124"]
[EventDate "2010.02.21"]
[EventType "team"]
[EventRounds "9"]
[EventCountry "IND"]
[SourceTitle "CBM 135 Extra"]
[Source "ChessBase"]
[SourceDate "2010.05.04"]
[SourceVersion "1"]
[SourceVersionDate "2010.05.04"]
[SourceQuality "1"]

1. d4 Nf6 2. c4 e6 3. Nc3 Bb4 4. Bg5 c5 5. Bxf6 Qxf6 6. e3 Nc6 7. Nf3 0-0 8. Rc1 cxd4 9. exd4 e5 10. dxe5 Nxe5 11. Nxe5 Qxe5+ 12. Be2 a5 13. 0-0 Ra6 14. Bf3 Rh6 15. g3 d6 16. Re1 Qf5 17. Bg2 Rf6 18. Qc2 Qxc2 19. Rxc2 Re6 20. Rxe6 fxe6 21. a3 Bc5 22. Ne4 b6 23. Rd2 Rd8 24. Bh3 h6 25. Nxc5 bxc5 26. f4 Kf7 27. Kf2 Ba6 28. Bf1 Ke7 29. Bd3 Rb8 30. g4 Rb3 31. Bf1 Bc8 32. Bg2 g5 33. fxg5 hxg5 34. Bf3 Ba6 35. Be2 Bb7 36. Bd3 Bc6 37. Ke2 Rb8 38. Ke3 Rh8 39. Rf2 Rh3+ 40. Ke2 Be8 41. Kd2 Rh4 42. Be2 Bg6 43. Bf3 Rh3 44. Ke2 Rh8 45. Kd2 Rf8 46. Ke3 Rb8 47. Bd1 d5 48. cxd5 exd5 49. Rd2 d4+ 50. Kf2 Kd6 51. Kg3 Re8 52. Kf2 Re3 53. Bf3 Ke5 54. Re2 Kf4 55. Bd5 Rxe2+ 56. Kxe2 Kxg4 57. Be6+ Bf5 58. h3+ Kf4 59. Bd5 Bxh3 60. b4 cxb4 61. axb4 axb4 62. Kd3 Ke5 0-1